[Event "NB II. Erkel csoport"]
[Site "Dunaharaszti"]
[Date "2024.03.10"]
[Round "6.5"]
[White "Budai, Akos"]
[Black "Markos, Adam"]
[Result "1/2-1/2"]
[WhiteElo "2011"]
[BlackElo "2089"]
[PlyCount "102"]
[EventDate "2023.10.08"]
[EventType "team-tourn"]
[EventRounds "9"]
[EventCountry "HUN"]
[Source "chess.hu"]
[WhiteTeam "Vizugyi SC"]
[BlackTeam "Dunaharaszti MTK II."]
[WhiteTeamCountry "HUN"]
[BlackTeamCountry "HUN"]

1. d4 Nf6 2. c4 e6 3. Nf3 c5 4. Nc3 cxd4 5. Qxd4 Nc6 6. Qd1 Bb4 7. Bd2 O-O 8.
e3 b6 9. Be2 Bb7 10. O-O a6 11. Rc1 Rc8 12. a3 Bd6 13. b4 Ne7 14. Qb3 Bb8 15.
Rfd1 Qc7 16. Na4 Bxf3 17. Bxf3 Qxh2+ 18. Kf1 Qc7 19. b5 a5 20. c5 bxc5 21. Rxc5
Qh2 22. Bxa5 e5 23. Rxc8 Nxc8 24. Nc3 Re8 25. Nd5 e4 26. Nxf6+ gxf6 27. Rxd7
Qh1+ 28. Ke2 exf3+ 29. gxf3 Qh5 30. Bc3 Nb6 31. Rd4 Be5 32. Rg4+ Kh8 33. Re4
Rc8 34. Bxe5 fxe5 35. a4 Rc1 36. Qb2 Rc5 37. Qb4 Nd7 38. b6 Qh1 39. Rc4 Rd5 40.
Qb3 Nxb6 41. Rc6 Qa1 42. Rxb6 Rd7 43. Rb4 Qc1 44. f4 Rd2+ 45. Kf3 Qh1+ 46. Kg4
Qg2+ 47. Kf5 Qg6+ 48. Kxe5 Qd6+ 49. Kf5 Qg6+ 50. Ke5 Qd6+ 51. Kf5 Qg6+ 1/2-1/2

[Event "NB II. Erkel csoport"]
[Site "Dunaharaszti"]
[Date "2024.03.10"]
[Round "6.7"]
[White "Balint, Laszlo Dr"]
[Black "Kovacs, Istvan"]
[Result "1-0"]
[WhiteElo "1878"]
[BlackElo "2068"]
[PlyCount "103"]
[EventDate "2023.10.08"]
[EventType "team-tourn"]
[EventRounds "9"]
[EventCountry "HUN"]
[Source "chess.hu"]
[WhiteTeam "Vizugyi SC"]
[BlackTeam "Dunaharaszti MTK II."]
[WhiteTeamCountry "HUN"]
[BlackTeamCountry "HUN"]

1. e4 c5 2. Nf3 e6 3. d4 cxd4 4. Nxd4 Nf6 5. Nc3 d6 6. g4 h6 7. g5 hxg5 8. Bxg5
Nc6 9. Qd2 a6 10. O-O-O Qc7 11. Be2 Bd7 12. h4 Nh5 13. Kb1 Rc8 14. Nb3 Ne5 15.
Rhe1 f6 16. Be3 Nc4 17. Bxc4 Qxc4 18. Bb6 Kf7 19. a3 Qc6 20. Qe3 Re8 21. Na5
Qc8 22. f4 g6 23. e5 d5 24. Rd3 Bh6 25. Rf1 Qb8 26. Nb3 Kg8 27. Bd4 f5 28. Bc5
Qd8 29. Rg1 Kf7 30. Nxd5 Qxh4 31. Nb6 Bc6 32. Nc4 Nxf4 33. Nd6+ Kg7 34. Nxe8+
Rxe8 35. Rdd1 Nh3 36. Qg3 Qh5 37. Rgf1 f4 38. Qh2 Qg4 39. Rd3 Ng5 40. Rxf4 Qg2
41. Qxg2 Bxg2 42. Rd7+ Kg8 43. Rh4 Bf8 44. Rg4 Bc6 45. Rc7 Nf3 46. Rxg6+ Kh8
47. Bxf8 Rxf8 48. Rxe6 Be4 49. Rf6 Rd8 50. Rd6 Re8 51. e6 Bf5 52. e7 1-0

[Event "NB II. Erkel csoport"]
[Site "Dunaharaszti"]
[Date "2024.03.10"]
[Round "6.8"]
[White "Fodre, Sandor"]
[Black "D Albini, Geza"]
[Result "1-0"]
[WhiteElo "1900"]
[BlackElo "1837"]
[PlyCount "59"]
[EventDate "2023.10.08"]
[EventType "team-tourn"]
[EventRounds "9"]
[EventCountry "HUN"]
[Source "chess.hu"]
[WhiteTeam "Dunaharaszti MTK II."]
[BlackTeam "Vizugyi SC"]
[WhiteTeamCountry "HUN"]
[BlackTeamCountry "HUN"]

1. e4 d6 2. d4 Nf6 3. Nc3 Nbd7 4. Nf3 e5 5. Bc4 h6 6. O-O Be7 7. a4 O-O 8. h3
c6 9. Qe2 Qc7 10. Be3 a5 11. Rfe1 Nh7 12. Rad1 Rb8 13. Nd2 Nhf6 14. f4 Nh7 15.
Nf3 Bf6 16. dxe5 dxe5 17. f5 Be7 18. Kh1 Nhf6 19. Qf2 b6 20. Qg3 Kh8 21. Re2
Bb4 22. Qh4 Be7 23. Qf2 Bc5 24. g4 Bxe3 25. Rxe3 Nh7 26. Qg3 b5 27. axb5 cxb5
28. Bxb5 Qc5 29. Red3 Rxb5 30. Rd5 1-0

[Event "NB II. Erkel csoport"]
[Site "Dunaharaszti"]
[Date "2024.03.10"]
[Round "6.9"]
[White "Russa, Roberto"]
[Black "Bokor-Manyoki, Anna"]
[Result "1-0"]
[WhiteElo "1882"]
[BlackElo "1964"]
[PlyCount "87"]
[EventDate "2023.10.08"]
[EventType "team-tourn"]
[EventRounds "9"]
[EventCountry "HUN"]
[Source "chess.hu"]
[WhiteTeam "Vizugyi SC"]
[BlackTeam "Dunaharaszti MTK II."]
[WhiteTeamCountry "HUN"]
[BlackTeamCountry "HUN"]

1. c4 e6 2. Nf3 Nf6 3. e3 d5 4. d4 dxc4 5. Bxc4 c5 6. Nc3 a6 7. a4 Nc6 8. O-O
Be7 9. dxc5 Bxc5 10. Bd2 O-O 11. Qb1 e5 12. Ne4 Bf5 13. Nxf6+ Qxf6 14. Qc1 e4
15. Bc3 Qh6 16. Nd4 Bd6 17. g3 Bh3 18. Nxc6 Bxf1 19. Qxf1 bxc6 20. Bxa6 Qe6 21.
Bb7 Rab8 22. Bxc6 Bxg3 23. hxg3 Qxc6 24. a5 h5 25. Qd1 h4 26. Qg4 Qh6 27. Kg2
f5 28. Qxh4 Qxh4 29. gxh4 Kf7 30. a6 Rb5 31. a7 Ra8 32. Kg3 Rb7 33. Bd4 Rc7 34.
Ra3 g6 35. Ra5 Rc1 36. Kf4 Rf1 37. Ke5 Rxf2 38. Rb5 Rc2 39. Rb7+ Ke8 40. Rh7
Rcc8 41. Kd6 Kf8 42. Rh8+ Kf7 43. Rxc8 Rxc8 44. b4 1-0

[Event "NB II. Erkel csoport"]
[Site "Dunaharaszti"]
[Date "2024.03.10"]
[Round "6.10"]
[White "Neszmenyi, Zoltan"]
[Black "Ramadan, Erik"]
[Result "1/2-1/2"]
[WhiteElo "1915"]
[BlackElo "1715"]
[PlyCount "141"]
[EventDate "2023.10.08"]
[EventType "team-tourn"]
[EventRounds "9"]
[EventCountry "HUN"]
[Source "chess.hu"]
[WhiteTeam "Dunaharaszti MTK II."]
[BlackTeam "Vizugyi SC"]
[WhiteTeamCountry "HUN"]
[BlackTeamCountry "HUN"]

1. Nf3 d5 2. d4 Bf5 3. c4 c6 4. Nc3 e6 5. e3 Nf6 6. Be2 Bd6 7. O-O O-O 8. Ne5
Nbd7 9. f4 Ne4 10. Nxd7 Qxd7 11. Nxe4 Bxe4 12. c5 Bc7 13. b4 f5 14. a4 a6 15.
Bf3 Rf6 16. Bxe4 dxe4 17. Qb3 Qd5 18. Rb1 Rff8 19. Bd2 Rfb8 20. Rb2 Kf7 21.
Rfb1 Qd7 22. Qd1 g6 23. Be1 Qe7 24. b5 axb5 25. axb5 Qe8 26. b6 Bd8 27. Ra1 Be7
28. Rba2 Bf6 29. g4 Rxa2 30. Rxa2 Ra8 31. Rxa8 Qxa8 32. gxf5 gxf5 33. Qh5+ Kg7
34. Bh4 Qf8 35. Bg5 Bxg5 36. Qxg5+ Kh8 37. Kf2 Qf7 38. h4 h5 39. Qh6+ Kg8 40.
Qg5+ Kf8 41. Qd8+ Kg7 42. Ke2 Qg6 43. Qg5 Kf7 44. Kd2 Kg7 45. Kc3 Kh7 46. Qe7+
Kh6 47. Qxb7 Qg1 48. Qxc6 Qxe3+ 49. Kb4 Qxd4+ 50. Ka5 Qc3+ 51. Ka6 Qc4+ 52. Qb5
Qa2+ 53. Kb7 e3 54. c6 e2 55. Qe5 Qc4 56. Kc7 Qe4 57. Qh8+ Kg6 58. Qg8+ Kf6 59.
Qg5+ Kf7 60. Qxh5+ Kf6 61. Qg5+ Kf7 62. Qh5+ Kf6 63. Qxe2 Qxe2 64. b7 Qe4 65.
b8=Q Qxf4+ 66. Kb7 Qb4+ 67. Kc7 Qe7+ 68. Kc8 Qf8+ 69. Kb7 Qb4+ 70. Ka8 Qa4+ 71.
Kb7 1/2-1/2

[Event "NB II. Erkel csoport"]
[Site "Budapest"]
[Date "2024.03.10"]
[Round "6.1"]
[White "Feher, Adam"]
[Black "Miszler, Levente"]
[Result "1/2-1/2"]
[WhiteElo "2394"]
[BlackElo "2287"]
[PlyCount "101"]
[EventDate "2023.10.08"]
[EventType "team-tourn"]
[EventRounds "9"]
[EventCountry "HUN"]
[Source "chess.hu"]
[WhiteTeam "HUSI SC"]
[BlackTeam "EUTender-Sinus-SDSE"]
[WhiteTeamCountry "HUN"]
[BlackTeamCountry "HUN"]

1. e4 e6 2. d4 d5 3. Nc3 Nf6 4. e5 Nfd7 5. f4 c5 6. Nf3 Nc6 7. Be3 cxd4 8. Nxd4
Qb6 9. Qd2 Qxb2 10. Rb1 Qa3 11. Bb5 Nxd4 12. Bxd4 a6 13. Bxd7+ Bxd7 14. Rb3 Qe7
15. Rxb7 Rc8 16. O-O Qd8 17. Qe3 Rc4 18. Rfb1 Be7 19. Ra7 Qc8 20. Ne2 Bb5 21.
c3 Rc7 22. f5 Rxa7 23. Bxa7 Qc4 24. Nd4 O-O 25. f6 gxf6 26. exf6 Bxf6 27. Nxb5
axb5 28. Bd4 Bxd4 29. cxd4 Rc8 30. Qg5+ Kf8 31. Qh6+ Ke8 32. Qf6 Qd3 33. Rf1
Qg6 34. Qe5 Ke7 35. Qe3 Qe4 36. Qg5+ Kf8 37. Qf6 Qg6 38. Qh8+ Qg8 39. Qe5 Ke8
40. h3 Qg6 41. Rf3 Kd7 42. Qe2 Rc4 43. Qb2 b4 44. Qb3 Kc7 45. Qa4 Kb6 46. Qe8
Rc2 47. Qb8+ Kc6 48. Rg3 Qe4 49. Qxb4 Rc1+ 50. Kh2 Qf4 51. Qa4+ 1/2-1/2

[Event "NB II. Erkel csoport"]
[Site "Budapest"]
[Date "2024.03.10"]
[Round "6.3"]
[White "Papp, Gellert"]
[Black "Szieberth, Adam"]
[Result "1-0"]
[WhiteElo "2269"]
[BlackElo "2270"]
[PlyCount "57"]
[EventDate "2023.10.08"]
[EventType "team-tourn"]
[EventRounds "9"]
[EventCountry "HUN"]
[Source "chess.hu"]
[WhiteTeam "HUSI SC"]
[BlackTeam "EUTender-Sinus-SDSE"]
[WhiteTeamCountry "HUN"]
[BlackTeamCountry "HUN"]

1. e4 c5 2. Nf3 d6 3. d4 cxd4 4. Nxd4 Nf6 5. Nc3 a6 6. h3 e5 7. Nb3 Be6 8. f4
exf4 9. Bxf4 Nc6 10. Qe2 Be7 11. O-O-O Qc7 12. g4 Rc8 13. g5 Nd7 14. h4 Nde5
15. Bh3 Bc4 16. Qf2 Rb8 17. Nd5 Qd8 18. Kb1 O-O 19. Rhg1 a5 20. Nd2 Bxd5 21.
exd5 Nb4 22. Bxe5 dxe5 23. Ne4 Bd6 24. Nf6+ gxf6 25. gxf6+ Kh8 26. Rg7 Rg8 27.
Rdg1 Qc7 28. c3 Qc5 29. Qg3 1-0

[Event "NB II. Erkel csoport"]
[Site "Budapest"]
[Date "2024.03.10"]
[Round "6.4"]
[White "Lehmann, Zoltan"]
[Black "Biro, David"]
[Result "1/2-1/2"]
[WhiteElo "2269"]
[BlackElo "2244"]
[PlyCount "20"]
[EventDate "2023.10.08"]
[EventType "team-tourn"]
[EventRounds "9"]
[EventCountry "HUN"]
[Source "chess.hu"]
[WhiteTeam "EUTender-Sinus-SDSE"]
[BlackTeam "HUSI SC"]
[WhiteTeamCountry "HUN"]
[BlackTeamCountry "HUN"]

1. Nf3 Nf6 2. c4 g6 3. Nc3 Bg7 4. e4 d6 5. d4 O-O 6. Be2 Nbd7 7. O-O e5 8. Qc2
exd4 9. Nxd4 Re8 10. Rd1 Nc5 1/2-1/2

[Event "NB II. Erkel csoport"]
[Site "Budapest"]
[Date "2024.03.10"]
[Round "6.5"]
[White "Szabolcsi, Janos"]
[Black "Gara-Tarnoczi, Peter"]
[Result "1/2-1/2"]
[WhiteElo "2157"]
[BlackElo "2181"]
[PlyCount "32"]
[EventDate "2023.10.08"]
[EventType "team-tourn"]
[EventRounds "9"]
[EventCountry "HUN"]
[Source "chess.hu"]
[WhiteTeam "HUSI SC"]
[BlackTeam "EUTender-Sinus-SDSE"]
[WhiteTeamCountry "HUN"]
[BlackTeamCountry "HUN"]

1. d4 d5 2. c4 e6 3. Nf3 c5 4. cxd5 exd5 5. g3 Nc6 6. Bg2 Nf6 7. O-O Be7 8.
dxc5 Bxc5 9. Qc2 Bb6 10. Nc3 O-O 11. Bg5 Be6 12. Rad1 h6 13. Bf4 Qe7 14. Na4
Rfc8 15. Nxb6 axb6 16. a3 b5 1/2-1/2

[Event "NB II. Erkel csoport"]
[Site "Budapest"]
[Date "2024.03.10"]
[Round "6.6"]
[White "Pasztor, Ferenc"]
[Black "Fendrik, Lajos"]
[Result "1-0"]
[WhiteElo "2077"]
[BlackElo "2130"]
[PlyCount "99"]
[EventDate "2023.10.08"]
[EventType "team-tourn"]
[EventRounds "9"]
[EventCountry "HUN"]
[Source "chess.hu"]
[WhiteTeam "EUTender-Sinus-SDSE"]
[BlackTeam "HUSI SC"]
[WhiteTeamCountry "HUN"]
[BlackTeamCountry "HUN"]

1. d4 f5 2. Nf3 Nf6 3. c4 e6 4. g3 Be7 5. Bg2 O-O 6. Nc3 Ne4 7. Qc2 Nxc3 8.
Qxc3 d6 9. h4 Nc6 10. Bg5 h6 11. Bxe7 Qxe7 12. d5 Nd8 13. h5 e5 14. Nh4 Rf6 15.
Ng6 Qe8 16. f4 Nf7 17. e3 e4 18. Bf1 Bd7 19. Be2 c6 20. Kf2 Nh8 21. Nh4 Rc8 22.
Qb3 Rc7 23. Rad1 cxd5 24. Rxd5 Nf7 25. Qa3 b6 26. b4 Be6 27. Rd4 Qc8 28. Rc1 d5
29. c5 Nd8 30. Ng6 Rff7 31. Ba6 Qa8 32. Ne5 Rfe7 33. Bb5 Bf7 34. Nxf7 Rxf7 35.
Rcd1 bxc5 36. bxc5 Qb7 37. Ba4 Qa6 38. Rxd5 Nc6 39. Rd7 Kh7 40. Rxf7 Rxf7 41.
Rd6 Rc7 42. Qb3 Qc8 43. Qb5 Ne7 44. c6 Qg8 45. Bb3 Qe8 46. g4 fxg4 47. Qe5 g3+
48. Kxg3 Qc8 49. Qxe4+ Nf5+ 50. Kg4 1-0

[Event "NB II. Erkel csoport"]
[Site "Budapest"]
[Date "2024.03.10"]
[Round "6.7"]
[White "Feher, Botond"]
[Black "Vasyliv, Stanislav"]
[Result "1/2-1/2"]
[WhiteElo "2018"]
[BlackElo "2172"]
[PlyCount "63"]
[EventDate "2023.10.08"]
[EventType "team-tourn"]
[EventRounds "9"]
[EventCountry "HUN"]
[Source "chess.hu"]
[WhiteTeam "HUSI SC"]
[BlackTeam "EUTender-Sinus-SDSE"]
[WhiteTeamCountry "HUN"]
[BlackTeamCountry "HUN"]

1. e4 c5 2. Nf3 d6 3. d4 cxd4 4. Nxd4 Nf6 5. Nc3 a6 6. Bg5 e6 7. f4 Be7 8. Qf3
Qc7 9. O-O-O b5 10. Bxf6 gxf6 11. a3 Nd7 12. g3 Bb7 13. Bg2 Nc5 14. Rhe1 O-O
15. Qh5 f5 16. g4 fxe4 17. Nxe4 Nxe4 18. Bxe4 Bxe4 19. Rxe4 d5 20. Re5 Bf6 21.
Rd3 Rfc8 22. Kb1 b4 23. axb4 Qc4 24. Rg5+ Kf8 25. Nxe6+ fxe6 26. Qh6+ Ke7 27.
Rg7+ Bxg7 28. Qxg7+ Kd6 29. Qe5+ Kd7 30. Qg7+ Kd8 31. Qf6+ Kd7 32. Qg7+ 1/2-1/2

[Event "NB II. Erkel csoport"]
[Site "Budapest"]
[Date "2024.03.10"]
[Round "6.9"]
[White "Horvath, Antal Jr"]
[Black "Szabo, A. Martin"]
[Result "1-0"]
[WhiteElo "2040"]
[BlackElo "1896"]
[PlyCount "77"]
[EventDate "2023.10.08"]
[EventType "team-tourn"]
[EventRounds "9"]
[EventCountry "HUN"]
[Source "chess.hu"]
[WhiteTeam "HUSI SC"]
[BlackTeam "EUTender-Sinus-SDSE"]
[WhiteTeamCountry "HUN"]
[BlackTeamCountry "HUN"]

1. e4 c5 2. Nf3 e6 3. d4 cxd4 4. Nxd4 Nc6 5. Nc3 Qc7 6. Be3 a6 7. Bd3 Nf6 8.
O-O Be7 9. Kh1 d6 10. f4 Nxd4 11. Bxd4 e5 12. fxe5 dxe5 13. Bg1 Be6 14. Qf3 O-O
15. Nd5 Nxd5 16. exd5 Bd7 17. Bf5 Bxf5 18. Qxf5 g6 19. Qd3 Rac8 20. Qb3 b5 21.
Rf2 Kg7 22. a4 b4 23. Rd2 Bd6 24. Rc1 Qc4 25. Rd3 Qxb3 26. Rxb3 Rc4 27. a5 f5
28. c3 f4 29. Rd1 Rb8 30. Bb6 bxc3 31. bxc3 e4 32. Rd4 Rbc8 33. Rxc4 Rxc4 34.
Bd4+ Kh6 35. Rb6 Bf8 36. d6 Ra4 37. Kg1 Rxa5 38. c4 Ra2 39. d7 1-0

[Event "NB II. Erkel csoport"]
[Site "Budapest"]
[Date "2024.03.10"]
[Round "6.10"]
[White "Csajbok, Levente Tamas"]
[Black "Tegzes, Laszlo"]
[Result "1/2-1/2"]
[WhiteElo "1926"]
[BlackElo "2012"]
[PlyCount "140"]
[EventDate "2023.10.08"]
[EventType "team-tourn"]
[EventRounds "9"]
[EventCountry "HUN"]
[Source "chess.hu"]
[WhiteTeam "EUTender-Sinus-SDSE"]
[BlackTeam "HUSI SC"]
[WhiteTeamCountry "HUN"]
[BlackTeamCountry "HUN"]

1. e4 c5 2. Nf3 e6 3. d4 cxd4 4. Nxd4 Nf6 5. Nc3 Nc6 6. Ndb5 d6 7. Bf4 e5 8.
Bg5 a6 9. Na3 b5 10. Nd5 Be7 11. Bxf6 Bxf6 12. c4 b4 13. Nc2 Rb8 14. Qf3 O-O
15. b3 Bg5 16. h4 Bh6 17. g4 Bf4 18. Nxf4 Qf6 19. O-O-O exf4 20. g5 Qe7 21.
Qxf4 Ne5 22. Ne3 Be6 23. Qg3 Rfd8 24. f4 Nc6 25. f5 Bc8 26. Nd5 Qe5 27. Qxe5
Nxe5 28. Ne7+ Kf8 29. Nxc8 Rbxc8 30. f6 a5 31. Bh3 Rc5 32. Rhf1 a4 33. fxg7+
Kxg7 34. Rf6 axb3 35. axb3 Ra5 36. Rdxd6 Rda8 37. Rd5 Ra1+ 38. Kd2 Rh1 39. Bf5
Nf3+ 40. Ke3 Nxh4 41. Rd7 Nxf5+ 42. Rxf5 Rh3+ 43. Kd4 Rf8 44. c5 Rxb3 45. e5
Kg6 46. Rf6+ Kxg5 47. Rfxf7 Rxf7 48. Rxf7 Kg6 49. Rf2 Rb1 50. e6 Re1 51. Kd5
Rd1+ 52. Kc6 Re1 53. Kd7 Rd1+ 54. Ke8 Rc1 55. e7 Rxc5 56. Kf8 Re5 57. e8=Q+
Rxe8+ 58. Kxe8 h5 59. Ke7 Kg5 60. Ke6 h4 61. Ke5 Kg4 62. Ke4 h3 63. Rf8 h2 64.
Rh8 Kg3 65. Ke3 Kg2 66. Rg8+ Kf1 67. Rf8+ Kg1 68. Ke2 h1=Q 69. Rg8+ Qg2+ 70.
Rxg2+ Kxg2 1/2-1/2

[Event "NB II. Erkel csoport"]
[Site "Budapest"]
[Date "2024.03.10"]
[Round "6.11"]
[White "Biro, Laszlo"]
[Black "Benko, Csanad Botond"]
[Result "1-0"]
[WhiteElo "1958"]
[BlackElo "1805"]
[PlyCount "55"]
[EventDate "2023.10.08"]
[EventType "team-tourn"]
[EventRounds "9"]
[EventCountry "HUN"]
[Source "chess.hu"]
[WhiteTeam "HUSI SC"]
[BlackTeam "EUTender-Sinus-SDSE"]
[WhiteTeamCountry "HUN"]
[BlackTeamCountry "HUN"]

1. d4 d5 2. c4 e6 3. Nc3 Nf6 4. cxd5 exd5 5. Bg5 Be7 6. e3 h6 7. Bf4 c6 8. Bd3
O-O 9. h3 Bd6 10. Qf3 Bxf4 11. Qxf4 Qb6 12. O-O-O Na6 13. Nf3 c5 14. g4 cxd4
15. Nxd4 Nc5 16. Bc2 Re8 17. g5 hxg5 18. Qxg5 Nce4 19. Nxe4 Nxe4 20. Bxe4 dxe4
21. Rdg1 g6 22. h4 Be6 23. Kb1 Qa6 24. Nxe6 Rxe6 25. h5 Rb6 26. hxg6 Rxb2+ 27.
Kxb2 Qe2+ 28. Ka1 1-0

[Event "NB II. Erkel csoport"]
[Site "Budapest"]
[Date "2024.03.10"]
[Round "6.12"]
[White "Jambrik, Adam"]
[Black "Laszlo, Laura Dr"]
[Result "0-1"]
[WhiteElo "1599"]
[BlackElo "1870"]
[PlyCount "92"]
[EventDate "2023.10.08"]
[EventType "team-tourn"]
[EventRounds "9"]
[EventCountry "HUN"]
[Source "chess.hu"]
[WhiteTeam "EUTender-Sinus-SDSE"]
[BlackTeam "HUSI SC"]
[WhiteTeamCountry "HUN"]
[BlackTeamCountry "HUN"]

1. e4 c5 2. Nf3 Nc6 3. d4 cxd4 4. Nxd4 e5 5. Nb5 d6 6. c4 a6 7. N5c3 Nf6 8. Bg5
Be7 9. Bd3 Bg4 10. f3 Be6 11. Bxf6 Bxf6 12. Nd5 Bxd5 13. cxd5 Nd4 14. O-O Qb6
15. Rf2 Bg5 16. Qa4+ Kf8 17. Kh1 Nb3 18. Qxb3 Qxf2 19. Nc3 b6 20. Qa3 Ke7 21.
Rb1 h5 22. Qa4 Bf4 23. Qc6 Rad8 24. Ne2 h4 25. Nxf4 exf4 26. h3 Rh5 27. Qc3 Rg5
28. Bf1 Qc5 29. Qd2 Qe3 30. Qc2 b5 31. Qc7+ Rd7 32. Qc8 Qc5 33. Qxa6 Qc2 34.
Re1 Qxb2 35. Qc6 b4 36. Re2 Qb1 37. Kg1 Rh5 38. Qc4 Re5 39. Kf2 f6 40. Rc2 Kf7
41. Bd3 Qd1 42. Be2 Qb1 43. Bd3 Ree7 44. Rc1 Qb2+ 45. Rc2 Qa3 46. Bf1 Qe3# 0-1

[Event "NB II. Erkel csoport"]
[Site "Szada"]
[Date "2024.03.10"]
[Round "6.1"]
[White "Horvath, Zoltan"]
[Black "Vereb, Gabor"]
[Result "1/2-1/2"]
[WhiteElo "2297"]
[BlackElo "2187"]
[PlyCount "21"]
[EventDate "2023.10.08"]
[EventType "team-tourn"]
[EventRounds "9"]
[EventCountry "HUN"]
[Source "chess.hu"]
[WhiteTeam "HASE"]
[BlackTeam "Godolloi SBE"]
[WhiteTeamCountry "HUN"]
[BlackTeamCountry "HUN"]

1. e4 Nf6 2. e5 Nd5 3. d4 d6 4. Nf3 Bg4 5. Be2 e6 6. O-O Be7 7. h3 Bh5 8. c4
Nb6 9. Nc3 O-O 10. Be3 Nc6 11. exd6 1/2-1/2

[Event "NB II. Erkel csoport"]
[Site "Szada"]
[Date "2024.03.10"]
[Round "6.2"]
[White "Nagyajtai, Gabor"]
[Black "Csati, Oliver"]
[Result "1/2-1/2"]
[WhiteElo "2124"]
[BlackElo "2247"]
[PlyCount "84"]
[EventDate "2023.10.08"]
[EventType "team-tourn"]
[EventRounds "9"]
[EventCountry "HUN"]
[Source "chess.hu"]
[WhiteTeam "Godolloi SBE"]
[BlackTeam "HASE"]
[WhiteTeamCountry "HUN"]
[BlackTeamCountry "HUN"]

1. d4 Nf6 2. Nf3 d5 3. c3 Bf5 4. Bf4 h6 5. e3 e6 6. Bd3 Ne4 7. Ne5 Be7 8. Nd2
Nd6 9. O-O O-O 10. Qc2 Nd7 11. Nxd7 Bxd3 12. Nf6+ Bxf6 13. Qxd3 Rc8 14. e4 dxe4
15. Nxe4 Nxe4 16. Qxe4 c6 17. Rfd1 Qd5 18. Qe2 Rfd8 19. Rd2 b5 20. a3 a5 21.
Rad1 Qc4 22. Kf1 Rd5 23. Qxc4 bxc4 24. Re1 a4 25. Ke2 g5 26. Be3 Rb8 27. Kd1
Rdb5 28. Ree2 Be7 29. Rc2 Bd6 30. h3 Kg7 31. Bc1 Kg6 32. Re4 h5 33. Rce2 Rh8
34. Rxe6+ fxe6 35. Rxe6+ Kf5 36. Rxd6 g4 37. h4 Rc8 38. Rh6 Ke4 39. Re6+ Kd5
40. Rh6 Ke4 41. Re6+ Kd5 42. Rh6 Ke4 1/2-1/2

[Event "NB II. Erkel csoport"]
[Site "Szada"]
[Date "2024.03.10"]
[Round "6.3"]
[White "Nagy, Ervin Dr"]
[Black "Sillye, Kalman"]
[Result "1/2-1/2"]
[WhiteElo "2170"]
[BlackElo "2033"]
[PlyCount "34"]
[EventDate "2023.10.08"]
[EventType "team-tourn"]
[EventRounds "9"]
[EventCountry "HUN"]
[Source "chess.hu"]
[WhiteTeam "HASE"]
[BlackTeam "Godolloi SBE"]
[WhiteTeamCountry "HUN"]
[BlackTeamCountry "HUN"]

1. g3 c5 2. Bg2 Nc6 3. d3 d5 4. Nf3 Nf6 5. O-O e5 6. c4 Be7 7. cxd5 Nxd5 8. Nc3
Nc7 9. b3 Be6 10. Bb2 Qd7 11. Rc1 f6 12. Ne4 Na6 13. Nfd2 Rc8 14. Nc4 O-O 15.
f4 exf4 16. gxf4 Rfd8 17. Qe1 Nd4 1/2-1/2

[Event "NB II. Erkel csoport"]
[Site "Szada"]
[Date "2024.03.10"]
[Round "6.4"]
[White "Fecske, Csaba"]
[Black "Kovacs, Judit"]
[Result "1-0"]
[WhiteElo "1956"]
[BlackElo "2079"]
[PlyCount "95"]
[EventDate "2023.10.08"]
[EventType "team-tourn"]
[EventRounds "9"]
[EventCountry "HUN"]
[Source "chess.hu"]
[WhiteTeam "Godolloi SBE"]
[BlackTeam "HASE"]
[WhiteTeamCountry "HUN"]
[BlackTeamCountry "HUN"]

1. d4 d5 2. Bf4 Nf6 3. e3 c5 4. Nf3 Nc6 5. Nbd2 Bg4 6. h3 Bh5 7. g4 Bg6 8. Bb5
a6 9. Bxc6+ bxc6 10. c3 e6 11. Ne5 Rc8 12. h4 Nd7 13. Nxd7 Qxd7 14. h5 Bd3 15.
Nb3 c4 16. Nc1 Qb7 17. Nxd3 cxd3 18. b4 Qb5 19. Qb3 Qc4 20. Kd2 Kd7 21. Qb1 Bd6
22. Qxd3 Bxf4 23. exf4 Qxd3+ 24. Kxd3 f6 25. Rhe1 Rhf8 26. f5 Rfe8 27. Rxe6
Rxe6 28. fxe6+ Kxe6 29. f4 Kd6 30. Re1 a5 31. Kc2 Ra8 32. Kb3 Ra7 33. a4 Rb7
34. f5 Kd7 35. Re6 Rb8 36. Ka3 h6 37. Re2 Kd6 38. bxa5 Ra8 39. Re6+ Kd7 40. Kb4
Ra7 41. g5 fxg5 42. Rg6 Kc8 43. Rxc6+ Kb8 44. a6 Rf7 45. Rg6 Ka7 46. Kc5 Rd7
47. f6 gxf6 48. Rxf6 1-0

[Event "NB II. Erkel csoport"]
[Site "Szada"]
[Date "2024.03.10"]
[Round "6.5"]
[White "Demjen, Mark"]
[Black "Papp, Lorinc"]
[Result "1-0"]
[WhiteElo "1982"]
[BlackElo "1920"]
[PlyCount "80"]
[EventDate "2023.10.08"]
[EventType "team-tourn"]
[EventRounds "9"]
[EventCountry "HUN"]
[Source "chess.hu"]
[WhiteTeam "HASE"]
[BlackTeam "Godolloi SBE"]
[WhiteTeamCountry "HUN"]
[BlackTeamCountry "HUN"]

1. d4 Nf6 2. c4 e6 3. Nf3 d5 4. g3 dxc4 5. Qa4+ Nbd7 6. Bg2 a6 7. Qxc4 b5 8.
Qc2 Bb7 9. O-O c5 10. Be3 Nd5 11. Bg5 f6 12. Bd2 Rc8 13. Qd1 c4 14. a3 Be7 15.
e4 N5b6 16. Nc3 O-O 17. Qc2 e5 18. Rad1 Qc7 19. Be3 Rcd8 20. Qe2 Bc8 21. Bh3
Rfe8 22. Be6+ Kh8 23. Nh4 exd4 24. Rxd4 Bc5 25. Bf7 Ne5 26. Bxe8 Bxd4 27. Bxd4
Rxe8 28. Qh5 Nf7 29. Bxb6 Qxb6 30. Qxf7 Qc6 31. Rd1 Be6 32. Qh5 Qc8 33. Qe2 g5
34. Ng2 f5 35. Qd2 fxe4 36. Qd4+ Kg8 37. Nxe4 Rf8 38. Nxg5 Bg4 39. Qd5+ Kg7 40.
Qe5+ Kg8 1-0

[Event "NB II. Erkel csoport"]
[Site "Szada"]
[Date "2024.03.10"]
[Round "6.6"]
[White "Zamodics, Ferenc"]
[Black "Murin, Janos"]
[Result "1/2-1/2"]
[WhiteElo "1856"]
[BlackElo "2055"]
[PlyCount "82"]
[EventDate "2023.10.08"]
[EventType "team-tourn"]
[EventRounds "9"]
[EventCountry "HUN"]
[Source "chess.hu"]
[WhiteTeam "Godolloi SBE"]
[BlackTeam "HASE"]
[WhiteTeamCountry "HUN"]
[BlackTeamCountry "HUN"]

1. d4 Nf6 2. c4 g6 3. Nc3 Bg7 4. e4 d6 5. Bd3 e5 6. d5 O-O 7. Nge2 Nbd7 8. O-O
Nc5 9. Bc2 a5 10. f3 Bd7 11. Be3 Qe7 12. Qd2 Rfc8 13. Rad1 Rab8 14. a4 b6 15.
g4 Qf8 16. Ng3 Kh8 17. h4 Qe7 18. Kg2 Ng8 19. h5 Qe8 20. b3 Qe7 21. Rh1 Nf6 22.
Bg5 Kg8 23. Rh2 Rf8 24. Rdh1 Rfe8 25. hxg6 fxg6 26. Rxh7 Nxh7 27. Bxe7 Rxe7 28.
Nb5 Be8 29. b4 axb4 30. Qxb4 Ng5 31. Rf1 Bxb5 32. cxb5 Rf7 33. Bd1 Nd3 34. Qc3
Nf4+ 35. Kf2 Bf6 36. Ke3 Bd8 37. Kd2 Kg7 38. Kc1 Rf8 39. Rh1 Rg8 40. Ne2 Nfh3
41. Ng1 Nf4 1/2-1/2

[Event "NB II. Erkel csoport"]
[Site "Szada"]
[Date "2024.03.10"]
[Round "6.7"]
[White "Lovas, Zsolt"]
[Black "Szemelyi, Balazs"]
[Result "0-1"]
[WhiteElo "1905"]
[BlackElo "1854"]
[PlyCount "82"]
[EventDate "2023.10.08"]
[EventType "team-tourn"]
[EventRounds "9"]
[EventCountry "HUN"]
[Source "chess.hu"]
[WhiteTeam "HASE"]
[BlackTeam "Godolloi SBE"]
[WhiteTeamCountry "HUN"]
[BlackTeamCountry "HUN"]

1. e4 c5 2. c3 d5 3. exd5 Qxd5 4. d4 Nf6 5. Nf3 Bg4 6. Be2 e6 7. O-O Be7 8. Be3
O-O 9. h3 Bh5 10. dxc5 a5 11. c4 Qd7 12. Nc3 Rd8 13. Qxd7 Nbxd7 14. Na4 Ne4 15.
Rad1 Nexc5 16. Nxc5 Nxc5 17. g4 Bg6 18. Ne5 Be4 19. b3 f6 20. Nf3 Kf7 21. Nd2
Bd3 22. Bxd3 Rxd3 23. Bxc5 Bxc5 24. Ne4 Rxd1 25. Rxd1 Be7 26. Rd7 Rb8 27. Nd6+
Kf8 28. Rxb7 Bxd6 29. Rxb8+ Bxb8 30. Kg2 Ke7 31. Kf3 Kd6 32. Ke4 Kc5 33. Kd3
Kb4 34. Kc2 f5 35. gxf5 exf5 36. f3 g5 37. Kb2 Be5+ 38. Kc2 h5 39. a3+ Kxa3 40.
c5 Kb4 41. c6 Kc5 0-1